Welcome to CU Library Online Public Access Catalogue (OPAC)

HUNTING WITH THE TIGERS (Record no. 5275)

MARC details
000 -LEADER
fixed length control field 00444nam a22001457a 4500
005 - DATE AND TIME OF LATEST TRANSACTION
control field 20250327175459.0
008 - FIXED-LENGTH DATA ELEMENTS--GENERAL INFORMATION
fixed length control field 250327b |||||||| |||| 00| 0 eng d
020 ## - INTERNATIONAL STANDARD BOOK NUMBER
International Standard Book Number 9781852511562
050 ## - LIBRARY OF CONGRESS CALL NUMBER
Classification number HF 3820
Item number .5 CRA
100 ## - MAIN ENTRY--PERSONAL NAME
Personal name CRAGG, CLAUDIA
245 ## - TITLE STATEMENT
Title HUNTING WITH THE TIGERS
Remainder of title HOW TO ACHIEVE COMMERCIAL SUCCESS IN THE ASIAN-PACIFIC RIM
Statement of responsibility, etc. CLAUDIA CRAGG
260 ## - PUBLICATION, DISTRIBUTION, ETC.
Place of publication, distribution, etc. LONDON
Name of publisher, distributor, etc. MERCURY BOOKS
Date of publication, distribution, etc. c1992
300 ## - PHYSICAL DESCRIPTION
Extent xiii, 310p,;
942 ## - ADDED ENTRY ELEMENTS (KOHA)
Source of classification or shelving scheme Library of Congress Classification
Koha item type Books
Suppress in OPAC No
999 ## -
-- 5275
-- 5275

No items available.

© 2023-2024 Copyright: Central University Libraries. All Rights Reserved | Created by: Mahone Tech Office